Les animaux en "W", "X", "Y", "Z" - Statistiques

Statistiques générales
  • Ce quiz a été pris 680 fois
  • Le résultat moyen est 4 sur 8
Statistiques - réponses
Réponse % Correct
Zebre
95%
Yack
76%
Wapiti
74%
Zebu
67%
Wallaby
38%
Wombat
35%
Zibeline
13%
Xenope
8%
Aucun quiz correspondant
Distribution des résultats
% des personnes avec chaque résultat
Percentile par nombre de réponses
Votre historique - résultats
Vous n’avez pas pris ce quiz